LEGO Marvel Super Heroes: Mech Armors by Picture - Statistics

General Stats
  • This quiz has been taken 68 times
    38 since last reset
  • The average score is 15 of 15
Answer Stats
Picture Answer % Correct
Ant-Man
100%
Captain America
100%
Green Goblin
100%
Hulk
100%
Iron Man
100%
Rocket Raccoon
100%
Spider-Man (Miles Morales)
100%
Spider-Man (Peter Parker)
100%
Thanos
100%
Thor
100%
Venom
100%
Wolverine
100%
Black Panther
97%
War Machine
97%
Ghost Rider
93%
No matching quizzes found
Score Distribution
Percent of People with Each Score
Percentile by Number Answered
Your Score History
You have not taken this quiz since the last reset